| 000 | 01523nam a2200361Ia 4500 | ||
|---|---|---|---|
| 001 | ebr10718989 | ||
| 003 | CaPaEBR | ||
| 006 | m o u | ||
| 007 | cr cn||||||||| | ||
| 008 | 121228s2013 miu sb s000 0 eng d | ||
| 010 | _z 2012048403 | ||
| 020 | _z9781611860979 (paper : alkaline paper) | ||
| 020 | _z9781609173890 (ebook) | ||
| 040 |
_aCaPaEBR _cCaPaEBR |
||
| 035 | _a(OCoLC)850178372 | ||
| 050 | 1 | 4 |
_aE185.86 _b.A339 2013eb |
| 082 | 0 | 4 |
_a305.48/896073 _223 |
| 245 | 0 | 0 |
_aAfrican American females _h[electronic resource] : _baddressing challenges and nurturing the future / _cedited by Eboni M. Zamani-Gallaher and Vernon C. Polite. |
| 260 |
_aEast Lansing : _bMichigan State University Press, _c2013. |
||
| 300 | _axvi, 389 p. | ||
| 490 | 0 | _aCourageous conversations series | |
| 504 | _aIncludes bibliographical references. | ||
| 533 |
_aElectronic reproduction. _bPalo Alto, Calif. : _cebrary, _d2013. _nAvailable via World Wide Web. _nAccess may be limited to ebrary affiliated libraries. |
||
| 650 | 0 |
_aAfrican American women _xSocial conditions. |
|
| 650 | 0 |
_aAfrican American women _xEducation. |
|
| 650 | 0 |
_aAfrican American women _xEmployment. |
|
| 650 | 0 |
_aAfrican American women _xHealth and hygiene. |
|
| 655 | 7 |
_aElectronic books. _2local |
|
| 700 | 1 |
_aZamani-Gallaher, Eboni M., _d1971- |
|
| 700 | 1 | _aPolite, Vernon C. | |
| 710 | 2 | _aebrary, Inc. | |
| 856 | 4 | 0 |
_uhttp://site.ebrary.com/lib/rucke/Doc?id=10718989 _zAn electronic book accessible through the World Wide Web; click to view |
| 999 |
_c28076 _d28076 |
||